000 00479nam a2200169Ia 4500
008 180921t2014 xxu||||| |||| 00| 0 sin d
041 _asin
080 _a070
_bHIN
100 _aHeengama, Lalith
245 _aකිල්ලෝටය 2 හාස්්‍ය මුසු කතා
246 _aKillotaya 2 - Haasya Musu Katha
260 _bNanila Publication
_aNugegoda
_c2014
300 _b21 cm
942 _cBK
999 _c2436
_d2436
003 LK-CoDNM
040 _aLK-CoDNM
_dLK-CoDNM
_eLK-CoDNM